000
00295nam a22001337a 4500
008
170612b xxu||||| |||| 00| 0 eng d
020
_a
9780521606585
041
_a
eng
080
_a
327
100
_a
19
101
_a
SHP
245
_a
DEMOCRACY FROM ABOVE
_c
PEVEHOUSE.J.C
942
_2
udc
_c
BK
999
_c
17027
_d
17027